Harry Potter Family Tree Quiz Stats

 Plays Quiz Updated Jan 19, 2017

Support Sporcle.
Go Orange.
Score 0/22 Timer 04:00
12 Plays Today
Family Member % Correct
Ron Weasley
98.6%
Harry Potter
97.9%
Ginny Weasley
96.4%
Hermione Granger
96.1%
Fred Weasley
95.8%
George Weasley
95.6%
James Potter
95.5%
Lily Potter
95.1%
James Sirius Potter
95%
Lily Luna Potter
94.5%
Percy Weasley
92.5%
Family Member % Correct
Bill Weasley
91%
Molly Weasley
89.9%
Albus Severus Potter
88.3%
Fleur Delacour
87.3%
Arthur Weasley
86.7%
Charlie Weasley
86%
Angelina Johnson
66.3%
Rose Granger-Weasley
62%
Hugo Granger-Weasley
50.4%
Mr. Granger
48%
Mrs. Granger
47.9%

You're not logged in!

Compare scores with friends on all Sporcle quizzes.
OR
Log In
Forgot?

From the Vault

Which Quoted Movie Character?

by strokes_static

This quiz is -- quote, unquote -- fun.
Remove Ads.
Support Sporcle.
Get the best of Sporcle when you Go Orange. This ad-free experience offers more features, more stats, and more fun while also helping to support Sporcle. Thank you for becoming a member.

Show Comments

Extras

Top Quizzes Today


Score Distribution

Your Account Isn't Verified!

In order to create a playlist on Sporcle, you need to verify the email address you used during registration. Go to your Sporcle Settings to finish the process.

Report this User

Report this user for behavior that violates our Community Guidelines.

Details: